Sesenta y cuatro caballos /
Gespeichert in:
| 1. Verfasser: | |
|---|---|
| Weitere Verfasser: | , |
| Format: | Elektronisch E-Book |
| Sprache: | Spanisch |
| Veröffentlicht: |
Madrid :
Calambur Editorial,
[2011]
|
| Schriftenreihe: | Colección Calambur 20 años ;
3. |
| Schlagworte: | |
| Online-Zugang: | Digitalia Hispánica |
| Tags: |
Tag hinzufügen
Keine Tags, Fügen Sie den ersten Tag hinzu!
|
MARC
| LEADER | 00000nam a2200000Ii 4500 | ||
|---|---|---|---|
| 001 | DIGCALAM286 | ||
| 003 | NyNyDIG | ||
| 006 | m o d | ||
| 007 | cr ||||||||||| | ||
| 008 | 240701s2011 sp o 000 j spa d | ||
| 035 | |a (OCoLC)1335134461 | ||
| 040 | |a DGITA |b eng |e rda |e pn |c DGITA | ||
| 020 | |z 9788483592281 | ||
| 050 | 1 | 4 | |a PQ6666.E72 ebook |
| 100 | 1 | |a Pereira, Antonio, |d 1923- |e author. | |
| 245 | 1 | 0 | |a Sesenta y cuatro caballos / |c Antonio Pereira ; selección, Úrsula Rodríguez Hesles ; prólogo, Juan Carlos Mestre. |
| 246 | 3 | |a 74 caballos | |
| 264 | 1 | |a Madrid : |b Calambur Editorial, |c [2011] | |
| 300 | |a 1 online resource. | ||
| 336 | |a text |b txt |2 rdacontent | ||
| 337 | |a computer |b c |2 rdamedia | ||
| 338 | |a online resource |b cr |2 rdacarrier | ||
| 347 | |a text file |2 rdaft | ||
| 347 | |b PDF | ||
| 490 | 1 | |a Colección Calambur 20 años, 1991-2011 ; |v 3 | |
| 588 | 0 | |a Online resource; title from PDF title page (Digitalia, viewed July 1, 2024) | |
| 655 | 7 | |a Short stories. |2 lcgft | |
| 700 | 1 | |a Rodríguez Hesles, Úrsula, |e editor. | |
| 700 | 1 | |a Mestre, Juan Carlos, |d 1957- |e contributor agent of text. | |
| 791 | 2 | |a Digitalia (Firm), |e distributor. | |
| 793 | 0 | |g Digitalia eBook Collection: |a Editorial Calambur | |
| 776 | 0 | 8 | |i Print version: |a Pereira, Antonio, 1923- |t Sesenta y cuatro caballos. |d Madrid : Calambur Editorial, [2011] |z 9788483592281 |
| 830 | 0 | |a Colección Calambur 20 años ; |v 3. | |
| 856 | 4 | 0 | |3 Digitalia Hispánica |u https://digitalia.unach.elogim.com/a/130287/ |
| 910 | |a Premium collection: 2024 | ||